[Event "Netanya Open 2019"]
[Site "Netanya"]
[Date "2019.06.24"]
[Round "2.62"]
[White "Sivan, Guy"]
[Black "Neiman, Maks"]
[Result "0-1"]
[WhiteElo "1246"]
[BlackElo "1954"]
[PlyCount "49"]
[EventDate "2019.06.23"]
[EventType "swiss"]
[EventRounds "9"]
[EventCountry "ISR"]
[TimeControl "40/5400+30:1800+30"]

1. e4 e6 2. d4 d5 3. e5 c5 4. c3 Nc6 5. Nf3 Qb6 6. Be2 Nge7 7. O-O cxd4 8. cxd4 Nf5 9. Nc3 Nfxd4 10. Nxd4 Qxd4 11. Qxd4 Nxd4 12. Bd3 Be7 13. Be3 Nc6 14. Bf4 O-O 15. Rac1 Bd7 16. Rfd1 Rac8 17. Be4 Rfd8 18. Bf3 Be8 19. Bg4 Bd7 20. h3 Na5 21. b3 Ba3 22. Rc2 Rc7 23. Rd3 Rdc8 24. Bd2 b5 25. Nxd5 0-1

[Event "Netanya Open 2019"]
[Site "Netanya"]
[Date "2019.06.24"]
[Round "2.63"]
[White "Kinberg, Ofer"]
[Black "Segev, Ido"]
[Result "1-0"]
[WhiteElo "1962"]
[BlackElo "1382"]
[PlyCount "58"]
[EventDate "2019.06.23"]
[EventType "swiss"]
[EventRounds "9"]
[EventCountry "ISR"]
[TimeControl "40/5400+30:1800+30"]

1. e4 c5 2. Nf3 Nc6 3. d4 cxd4 4. Nxd4 d6 5. Nc3 Nf6 6. Bg5 e5 7. Nf3 Be7 8. Bxf6 Bxf6 9. Be2 O-O 10. O-O Be6 11. Qd2 Qd7 12. Rfd1 Rfd8 13. Bb5 a6 14. Ba4 b5 15. Bb3 b4 16. Nd5 Bxd5 17. Bxd5 Rac8 18. Rac1 a5 19. c3 bxc3 20. Rxc3 Nb4 21. Bc4 Qg4 22. a3 Qxe4 23. Bb3 Rxc3 24. Qxc3 Nc6 25. Bd5 Qe2 26. Re1 Nd4 27. Nxd4 exd4 28. Qxa5 Qxb2 29. Qxd8+ Bxd8 1-0

[Event "Netanya Open 2019"]
[Site "Netanya"]
[Date "2019.06.24"]
[Round "2.64"]
[White "Ehrlich, Roy"]
[Black "Baran, Yulia"]
[Result "1-0"]
[WhiteElo "1938"]
[BlackElo "1344"]
[PlyCount "43"]
[EventDate "2019.06.23"]
[EventType "swiss"]
[EventRounds "9"]
[EventCountry "ISR"]
[TimeControl "40/5400+30:1800+30"]

1. e4 e5 2. Nc3 d6 3. g3 Nc6 4. Bg2 Bd7 5. d3 h6 6. h3 Nf6 7. Nge2 Be7 8. O-O O-O 9. f4 exf4 10. Nxf4 Rb8 11. d4 a6 12. Be3 b6 13. Qe2 Qc8 14. Kh2 Re8 15. Nh5 Nxh5 16. Qxh5 Rf8 17. Rf2 Be8 18. Raf1 f6 19. Qe2 a5 20. e5 dxe5 21. Bxc6 Bxc6 22. Qc4+ 1-0

[Event "Netanya Open 2019"]
[Site "Netanya"]
[Date "2019.06.24"]
[Round "2.65"]
[White "Friedland, Benzi"]
[Black "Pravdivetz, Vladimir"]
[Result "0-1"]
[WhiteElo "1189"]
[BlackElo "1927"]
[PlyCount "130"]
[EventDate "2019.06.23"]
[EventType "swiss"]
[EventRounds "9"]
[EventCountry "ISR"]
[TimeControl "40/5400+30:1800+30"]

1. e4 e6 2. d4 d5 3. exd5 exd5 4. Nf3 Bd6 5. Nc3 c6 6. Bg5 Ne7 7. Bd3 f6 8. Bh4 Nd7 9. Qe2 Nf8 10. a3 Ne6 11. Bg3 Nf4 12. Bxf4 Bxf4 13. h3 O-O 14. O-O Re8 15. Rfe1 Bd7 16. Qf1 Nf5 17. Ne2 Bc7 18. c3 Be6 19. g4 Nh6 20. Qg2 Qd7 21. Ng3 Kh8 22. Nh4 g6 23. Qf3 Kg7 24. b4 Bf7 25. Kg2 Rxe1 26. Rxe1 Re8 27. Rxe8 Qxe8 28. Qe3 Qxe3 29. fxe3 Bd6 30. Ne2 Kf8 31. Nf3 Ke7 32. g5 Ng8 33. gxf6+ Nxf6 34. Ng5 Be8 35. Ng3 Bd7 36. Nf3 a5 37. Ne2 b6 38. Ne5 Be8 39. Nf3 c5 40. dxc5 bxc5 41. Ba6 axb4 42. cxb4 cxb4 43. axb4 Bxb4 44. Ned4 Kd6 45. Bc8 Bd7 46. Ba6 Ne4 47. Nc2 Bc5 48. Ncd4 Nc3 49. Bd3 Nd1 50. e4 dxe4 51. Bxe4 Bxd4 52. Nxd4 Ke5 53. Nf3+ Kxe4 54. Ng5+ Kf5 55. Nxh7 Ne3+ 56. Kh2 Ba4 57. h4 Ng4+ 58. Kg2 Bc6+ 59. Kg1 Ne5 60. Ng5 Nf3+ 61. Nxf3 Bxf3 62. h5 gxh5 63. Kh2 Kg4 64. Kg1 Kg3 65. Kf1 h4 0-1

[Event "Netanya Open 2019"]
[Site "Netanya"]
[Date "2019.06.24"]
[Round "2.66"]
[White "Khairova, Evelina"]
[Black "Gerchikov, Pavel"]
[Result "0-1"]
[WhiteElo "1501"]
[BlackElo "1911"]
[PlyCount "64"]
[EventDate "2019.06.23"]
[EventType "swiss"]
[EventRounds "9"]
[EventCountry "ISR"]
[TimeControl "40/5400+30:1800+30"]

1. e4 d5 2. exd5 Nf6 3. Nc3 Nxd5 4. Nxd5 Qxd5 5. Nf3 g6 6. Be2 c5 7. d3 Bg7 8. O-O O-O 9. c3 Nc6 10. Be3 Rd8 11. Qd2 b6 12. Bh6 Bh8 13. Rfd1 Bb7 14. a3 a5 15. Be3 Ne5 16. Bf4 Rac8 17. h3 Rd7 18. Qe3 f6 19. c4 Qc6 20. Kh2 Nf7 21. Rab1 e5 22. Bg3 f5 23. Qc1 f4 24. Bxf4 exf4 25. Rg1 Re8 26. Bf1 g5 27. Kh1 Qh6 28. Nh2 Qxh3 29. f3 Qh4 30. Qc2 Rd6 31. Rd1 Qxh2+ 32. Kxh2 Rh6# 0-1

[Event "Netanya Open 2019"]
[Site "Netanya"]
[Date "2019.06.24"]
[Round "2.67"]
[White "Ben Hemo, Guy"]
[Black "Volkov, Yuri"]
[Result "0-1"]
[WhiteElo "1453"]
[BlackElo "1886"]
[PlyCount "60"]
[EventDate "2019.06.23"]
[EventType "swiss"]
[EventRounds "9"]
[EventCountry "ISR"]
[TimeControl "40/5400+30:1800+30"]

1. d4 Nf6 2. Bf4 d5 3. Nf3 c5 4. e3 Nc6 5. c3 Qb6 6. Qc2 g6 7. Bd3 c4 8. Be2 Bf5 9. Qd2 Bg7 10. h3 h6 11. g4 Be6 12. Qc2 Qa5 13. Nbd2 b5 14. Ne5 Bd7 15. Nxd7 Nxd7 16. Bf3 e6 17. O-O O-O 18. e4 Nf6 19. b3 Rac8 20. e5 Nd7 21. a4 b4 22. cxb4 Nxb4 23. Qc3 cxb3 24. Qxb3 Nc2 25. Ra2 Nxd4 26. Qd3 Nxe5 27. Bxe5 Bxe5 28. Bd1 Rc3 29. Qb1 Rxh3 30. Kg2 Rh2+ 0-1

[Event "Netanya Open 2019"]
[Site "Netanya"]
[Date "2019.06.24"]
[Round "2.68"]
[White "Noy, Eyal"]
[Black "Neeman, Ori"]
[Result "0-1"]
[WhiteElo "1858"]
[BlackElo "1285"]
[PlyCount "122"]
[EventDate "2019.06.23"]
[EventType "swiss"]
[EventRounds "9"]
[EventCountry "ISR"]
[TimeControl "40/5400+30:1800+30"]

1. e4 e5 2. Nf3 d6 3. Bc4 Bg4 4. d3 Nf6 5. O-O Nbd7 6. Nbd2 g6 7. Re1 Bg7 8. c3 O-O 9. h3 Bxf3 10. Nxf3 a6 11. Be3 c6 12. Qd2 a5 13. a4 Rb8 14. Rad1 Qc7 15. Bh6 Nc5 16. Bxg7 Kxg7 17. Qc2 b5 18. axb5 cxb5 19. Ba2 Na6 20. Bb1 b4 21. Qd2 b3 22. d4 Rfe8 23. Bd3 Qc6 24. d5 Qb6 25. Bxa6 Qxa6 26. Qd3 Qxd3 27. Rxd3 a4 28. Nd2 Rb6 29. Ra1 Ra6 30. f3 Nd7 31. c4 Nc5 32. Rc3 Rb8 33. Kf2 a3 34. Rxa3 Rxa3 35. bxa3 b2 36. Nb1 f5 37. exf5 gxf5 38. Ke2 Na4 39. Rd3 Nc5 40. Rd1 Na4 41. Kd2 Rc8 42. Kd3 e4+ 43. fxe4 fxe4+ 44. Kd4 e3 45. Re1 Nb6 46. Nc3 Nxc4 47. Rb1 Ne5 48. Ne2 Rc2 49. Kxe3 Nc4+ 50. Kd3 Nxa3 51. Re1 Rxe2 52. Kxe2 b1=Q 53. Rxb1 Nxb1 54. Kd3 Kf6 55. Kd4 Kf5 56. g3 Nd2 57. Ke3 Ne4 58. g4+ Ke5 59. h4 Nf6 60. g5 Nxd5+ 61. Kf3 Kf5 0-1

[Event "Netanya Open 2019"]
[Site "Netanya"]
[Date "2019.06.24"]
[Round "2.69"]
[White "Yusupoff, Yoav"]
[Black "Mendler, Omer"]
[Result "1-0"]
[WhiteElo "1874"]
[BlackElo "1231"]
[PlyCount "57"]
[EventDate "2019.06.23"]
[EventType "swiss"]
[EventRounds "9"]
[EventCountry "ISR"]
[TimeControl "40/5400+30:1800+30"]

1. c4 e5 2. Nc3 Nf6 3. Nf3 Nc6 4. e4 Bc5 5. Nxe5 Bxf2+ 6. Kxf2 Nxe5 7. Be2 d6 8. Rf1 Nfg4+ 9. Kg1 Qh4 10. h3 Nf6 11. Qe1 Qg5 12. d4 Qg6 13. dxe5 Bxh3 14. Qf2 dxe5 15. Qf3 Bg4 16. Qg3 Bxe2 17. Qxe5+ Kf8 18. Nxe2 Nxe4 19. Nf4 Qb6+ 20. Kh2 Qh6+ 21. Nh3 Qd6 22. Qxd6+ Nxd6 23. b3 h6 24. Nf4 Re8 25. Ng6+ Kg8 26. Nxh8 Kxh8 27. Ba3 f6 28. Rae1 Rd8 29. Re7 1-0

[Event "Netanya Open 2019"]
[Site "Netanya"]
[Date "2019.06.24"]
[Round "2.70"]
[White "Havakuk, Elad"]
[Black "Shetah, Roi"]
[Result "0-1"]
[WhiteElo "1350"]
[BlackElo "1836"]
[PlyCount "82"]
[EventDate "2019.06.23"]
[EventType "swiss"]
[EventRounds "9"]
[EventCountry "ISR"]
[TimeControl "40/5400+30:1800+30"]

1. e4 c5 2. Nf3 e6 3. d4 cxd4 4. c4 dxc3 5. Nxc3 Nc6 6. Be3 d6 7. Qa4 Bd7 8. Rd1 Be7 9. Nb5 Qb8 10. Bd4 e5 11. Bc3 a6 12. Na3 b5 13. Nxb5 axb5 14. Qxb5 Qa7 15. Qc4 Nf6 16. Bd3 O-O 17. O-O h6 18. b4 Rfc8 19. Qb3 Be6 20. Qb2 Qxa2 21. Nd2 Qxb2 22. Bxb2 Nxb4 23. Nb1 Nxd3 24. Rxd3 Bc4 25. Rc3 Bxf1 26. Rxc8+ Rxc8 27. Kxf1 Rb8 28. Na3 Rxb2 29. Nc4 Rb4 30. Nd2 Nxe4 31. Nxe4 Rxe4 32. f3 Re3 33. Kf2 Bg5 34. g3 h5 35. h4 Bh6 36. Kg2 d5 37. f4 exf4 38. gxf4 d4 39. f5 d3 40. f6 d2 41. fxg7 d1=Q 0-1

[Event "Netanya Open 2019"]
[Site "Netanya"]
[Date "2019.06.24"]
[Round "2.71"]
[White "Smoliar, Klim"]
[Black "Marques, Don"]
[Result "1-0"]
[WhiteElo "1871"]
[BlackElo "1179"]
[PlyCount "125"]
[EventDate "2019.06.23"]
[EventType "swiss"]
[EventRounds "9"]
[EventCountry "ISR"]
[TimeControl "40/5400+30:1800+30"]

1. e4 c5 2. d3 Nc6 3. g3 d6 4. Bg2 e5 5. f4 f5 6. Nc3 Nf6 7. fxe5 dxe5 8. Nge2 h6 9. exf5 Bxf5 10. O-O Qd7 11. b3 Bg4 12. Be3 Nd4 13. Bxd4 cxd4 14. Nb1 Be7 15. Nd2 O-O 16. Nc4 Qc7 17. a4 Rad8 18. Qd2 b6 19. Nc1 a5 20. Na2 Nd5 21. Bxd5+ Rxd5 22. Rxf8+ Bxf8 23. Qg2 Rd8 24. Qe4 Bd7 25. Qxe5 Qxe5 26. Nxe5 Bh3 27. Re1 Re8 28. Kf2 Bc5 29. Ng6 Re3 30. Nf4 Bg4 31. Rxe3 dxe3+ 32. Ke1 Bb4+ 33. Nxb4 axb4 34. Nd5 b5 35. a5 Bf3 36. Nxe3 Kf7 37. Nf5 Bc6 38. Nd4 Bb7 39. Nxb5 Ke6 40. a6 Bc6 41. Nd4+ Kd6 42. Nxc6 Kxc6 43. Ke2 Kb6 44. Ke3 Kxa6 45. Kd4 Kb6 46. Kc4 Kc6 47. Kxb4 Kb6 48. Kc4 Kc6 49. b4 Kb6 50. Kd5 Kc7 51. c4 Kd7 52. c5 Kc7 53. b5 g5 54. h3 h5 55. b6+ Kb7 56. Ke4 Kc6 57. Kf5 h4 58. gxh4 gxh4 59. Kg4 Kd7 60. b7 Kc7 61. c6 Kb8 62. Kxh4 Kc7 63. Kg5 1-0

[Event "Netanya Open 2019"]
[Site "Netanya"]
[Date "2019.06.25"]
[Round "3.1"]
[White "Korobov, Anton"]
[Black "Svetushkin, Dmitry"]
[Result "0-1"]
[WhiteElo "2687"]
[BlackElo "2532"]
[Annotator "TA"]
[PlyCount "56"]
[EventDate "2019.06.23"]
[EventType "swiss"]
[EventCountry "ISR"]
[SourceTitle "playchess.com"]
[Source "ChessBase"]
[SourceQuality "1"]

{[%evp 9,56,69,51,35,39,20,44,40,27,27,28,47,50,43,41,0,15,14,23,15,29,0,7,7,20,9,25,28,14,18,113,15,138,126,129,122,115,-84,-74,-70,-79,-259,-126,-275,-79,-1168,-1139,-1155,-1129]} 1. d4 Nc6 2. Nf3 e6 3. e4 d5 4. e5 f6 5. Bd3 (5. Bb5 Bd7 6. Qe2 Nge7 7. O-O fxe5 8. Bxc6 Nxc6 9. Nxe5 Qf6 10. Nxc6 Bxc6 11. Nd2 Bd6 12. Re1 Bd7 13. Qh5+ {1-0 (25) Sutovsky,E (2652)-Sipila,V (2457) Yerevan 2014}) 5... Nh6 6. exf6 $146 {C02: French: Advance Variation} ({Predecessor:} 6. Bxh6 gxh6 7. O-O Bg7 8. Re1 O-O 9. c3 fxe5 10. dxe5 Bd7 11. Nbd2 Qe7 12. Qc2 Bh8 {0-1 (33) Darmanin,J (1995)-Gilevich,A (2408) Nicolosi 2015}) 6... Qxf6 7. Bg5 Qf7 8. O-O {White is slightly better.} Nf5 9. c4 Bd6 10. c5 h6 11. cxd6 {Hoping for Bxf5.} hxg5 12. dxc7 ({Reject} 12. Bxf5 Qxf5 13. dxc7 g4 $11) 12... Nfxd4 13. Nxd4 Nxd4 14. Nc3 Bd7 15. Rc1 Qf4 $132 {[%csl Gh8][%cal Rf4h2][%mdl 2048] Black is fighting back} 16. Bg6+ {[#]} Ke7 $1 {[%csl Gh8][%cal Rf4h2][%mdl 512]} 17. Bh5 $1 Qh4 $1 18. g4 Rxh5 $1 19. gxh5 {f4 is the strong threat.} Rf8 (19... Qf4 $11 20. f3 Rh8) 20. f3 (20. f4 $1 $16 Rxf4 21. Qd3) 20... Bc6 (20... Qf4 $11) 21. Ne4 $16 Nf5 22. Nf2 {Strongly threatening Ng4.} Qf4 23. Re1 $2 {[#]} (23. Nd3 $1 $16 {[%cal Rd3f4] stays on course.} Qxc7 24. Qd2) 23... Nh4 $1 $17 {[%cal Rh4f3]} 24. Rc3 {Black must now prevent Nh3.} d4 25. Qb3 $2 {[#]} (25. Nh3 $17 Qf6 26. Rxc6 bxc6 27. f4 gxf4 28. Re4 {[%mdl 64] Double Attack}) 25... Kd7 (25... e5 $1 $19 {is more deadly.} 26. Rd3 Nxf3+ 27. Rxf3 Bxf3) 26. Qxe6+ Kxc7 27. Re4 $2 {[%mdl 8192]} (27. Rxc6+ $17 bxc6 28. Nd3 Qxf3 29. Qe7+ Kc8 30. Qe2) 27... Nxf3+ $19 28. Rxf3 Qxf3 {[%mdl 64] Double Attack. Accuracy: White = 44%, Black = 55%.} 0-1

[Event "Netanya Open 2019"]
[Site "Netanya"]
[Date "2019.06.25"]
[Round "3.2"]
[White "Kogan, Arthur"]
[Black "Kuzubov, Yuriy"]
[Result "1/2-1/2"]
[WhiteElo "2535"]
[BlackElo "2671"]
[Annotator "TA"]
[PlyCount "23"]
[EventDate "2019.06.23"]
[EventType "swiss"]
[EventCountry "ISR"]
[SourceTitle "playchess.com"]
[Source "ChessBase"]
[SourceQuality "1"]

{[%evp 9,23,23,34,35,41,39,44,27,35,29,31,33,32,32,27,23]} 1. e4 c5 2. Nf3 Nc6 3. Bb5 Nf6 4. Nc3 Qc7 5. O-O Nd4 6. Re1 {B30: Sicilian: 2...Nc6 3 Bb5, lines without ...g6} e5 7. d3 Be7 8. Bg5 {White is slightly better.} O-O 9. Bxf6 $146 ({Predecessor:} 9. Bc4 d6 10. Bxf6 Bxf6 11. Nd5 Qd8 12. Nxd4 cxd4 13. Rf1 g6 14. Nxf6+ Qxf6 {½-½ (42) Vidit,S (2715)-Kuzubov,Y (2647) Linares 2018}) 9... Bxf6 10. Nd5 Qd8 11. Nxd4 cxd4 12. c3 1/2-1/2

[Event "Netanya Open 2019"]
[Site "Netanya"]
[Date "2019.06.25"]
[Round "3.3"]
[White "Moiseenko, Alexander"]
[Black "Flom, Gabriel"]
[Result "1/2-1/2"]
[WhiteElo "2642"]
[BlackElo "2480"]
[Annotator "TA"]
[PlyCount "148"]
[EventDate "2019.06.23"]
[EventType "swiss"]
[EventCountry "ISR"]
[SourceTitle "playchess.com"]
[Source "ChessBase"]
[SourceQuality "1"]

{[%evp 24,148,20,20,23,0,4,7,10,7,18,-6,-6,-38,-11,-13,-12,-12,-13,-12,-16,-27,-24,-24,0,-13,-25,-23,0,0,0,0,0,0,10,19,44,37,20,29,88,66,86,72,171,36,29,29,32,22,25,0,65,25,56,37,93,96,79,74,168,167,159,164,183,172,173,185,173,162,167,151,151,128,128,128,128,128,128,128,128,129,128,89,106,0,0,0,0,0,0,0,0,0,0,0,0,0,0,0,0,0,0,0,0,0,0,0,0,0,0,0,0,0,0,0,0,0,0,0,0,0,0,0,0,0,0]} 1. d4 Nf6 2. c4 g6 3. Nc3 Bg7 4. e4 d6 5. Bd3 O-O 6. Nge2 Nc6 7. O-O e5 8. d5 Nd4 9. Nxd4 exd4 10. Ne2 Re8 11. f3 c5 12. Bg5 h6 13. Bh4 g5 {E70: King's Indian: Miscellaneous lines with 4 e4, including 5 Nge2 and 5 Bd3 0-0 6 Nge2} (13... Qa5 14. a4 a6 15. h3 Rb8 16. Qc1 g5 17. Be1 Qd8 18. Ng3 Nd7 19. Nh5 Ne5 20. Qc2 Bh8 21. Bg3 {½-½ (38) Moiseenko,A (2648)-Hausrath,D (2493) Germany 2019}) 14. Bf2 $146 ({Predecessor:} 14. Be1 Nh5 15. Bd2 Kh8 16. g4 Nf6 17. Ng3 Nd7 18. Qc2 Ne5 19. h4 gxh4 20. Nh5 Bf8 21. Kg2 {0-1 (67) Lindgren,P (2420)-Lind,J (2222) Vaxjo 2017}) 14... Nd7 15. Ng3 Ne5 16. Nh5 Qe7 17. Nxg7 Kxg7 18. Kh1 Rf8 19. Bg3 Nxd3 20. Qxd3 f5 21. b4 b6 22. bxc5 bxc5 23. Rab1 Bd7 24. Rfe1 {Black must now prevent exf5.} f4 25. Bf2 Rfb8 26. Qa3 Kf7 27. Rb3 a5 28. Reb1 $36 {[%mdl 2048] Black is under pressure.} Qf8 29. Qb2 {[%cal Rb3b8]} Rb4 30. a3 Rxb3 $1 (30... Rxc4 $2 31. Rb7 $18) 31. Qxb3 Qc8 (31... Qe7 $11) 32. g3 $16 a4 33. Qb6 Qa6 (33... Ra6 $16 34. Qb7 Qxb7 35. Rxb7 fxg3 36. hxg3 (36. Bxg3 Ke7 $14) 36... Ke7) 34. gxf4 (34. Qxa6 $1 $18 Rxa6 35. gxf4) 34... Qxb6 $14 35. Rxb6 gxf4 $18 {[%mdl 4096] Endgame KRB-KRB} 36. Rb7 Ke8 $1 37. Bh4 d3 (37... Bc8 $11 38. Rb6 Kd7) 38. Be1 $14 Bc8 39. Rb6 Ba6 (39... Bh3 $1 $14) 40. Bd2 $16 (40. Rxd6 Rb8 $17) 40... Bxc4 41. Bxf4 (41. Rxd6 Rb8 $17) 41... Rc8 (41... h5 $16) 42. Bxh6 $18 ({Stronger than} 42. Rxd6 Rb8 $11) 42... Bxd5 43. exd5 {Hoping for Kg1. KRB-KR} c4 44. Rb4 ({Much less strong is} 44. Rxd6 c3 $16) 44... c3 45. Rxa4 Rb8 46. Rd4 Rb1+ 47. Kg2 Rd1 48. Kf2 Kf7 49. a4 c2 {And now ...d2! would win.} 50. Rc4 $1 Kf6 51. Bf4 d2 {[#]} 52. Bxd2 $1 Rxd2+ $16 {KR-KR} 53. Ke3 Rxh2 {[#]} 54. Kd3 ({White must play} 54. Ke4 $1 $16) 54... Rh4 $1 $11 {[%cal Rh4c4] The position is equal.} 55. f4 c1=Q 56. Rxc1 {aiming for Rc8.} Rxf4 57. Rc4 Rf3+ 58. Kd4 Rb3 59. Ke4 Kg5 60. Rc6 Rb4+ 61. Kd3 Kf5 62. Rc4 Rb3+ 63. Rc3 Rb4 64. Rc4 Rb3+ 65. Kd4 Kf4 66. Rc8 Rb4+ 67. Rc4 Rb3 68. Rc6 (68. Rc1 {is more complex.} Rb4+ 69. Kd3 Rxa4 70. Re1 Kf5 71. Re6) 68... Rb4+ 69. Kc3 Rxa4 70. Rxd6 {Threatens to win with Re6.} Ke5 71. Rd8 Rh4 72. d6 Ke6 73. d7 Ke7 74. Ra8 Kxd7 {Accuracy: White = 65%, Black = 62%.} 1/2-1/2

[Event "Netanya Open 2019"]
[Site "Netanya"]
[Date "2019.06.25"]
[Round "3.4"]
[White "Grinberg, Eyal"]
[Black "Parligras, Mircea-Emilian"]
[Result "1-0"]
[WhiteElo "2474"]
[BlackElo "2638"]
[Annotator "RC"]
[PlyCount "133"]
[EventDate "2019.06.23"]
[EventType "swiss"]
[EventCountry "ISR"]
[SourceTitle "playchess.com"]
[Source "ChessBase"]
[SourceQuality "1"]
[TimeControl "40/5400+30:1800+30"]

1. e4 {[%emt 0:00:00]} c5 {[%emt 0:00:00]} 2. Nf3 {[%emt 0:00:00]} Nc6 {[%emt 0:00:00]} 3. d4 {[%emt 0:00:25]} cxd4 {[%emt 0:00:06]} 4. Nxd4 {[%emt 0:00:08]} Nf6 {[%emt 0:00:09]} 5. Nc3 {[%emt 0:00:08]} d6 {[%emt 0:00:09]} 6. Bg5 {[%emt 0:00:52]} e6 {[%emt 0:00:19]} 7. Qd2 {[%emt 0:00:45]} a6 {[%emt 0:00:30]} 8. O-O-O {[%emt 0:00:31]} Bd7 {[%emt 0:00:23]} 9. f3 {[%emt 0:01:30]} Nxd4 {[%emt 0:00:33]} 10. Qxd4 {[%emt 0:00:09]} h6 {[%emt 0:00:52]} 11. Be3 {[%emt 0:03:07]} Bc6 {[%emt 0:00:44]} 12. Kb1 {[%emt 0:14:07]} b5 {[%emt 0:01:32]} 13. Qd2 {[%emt 0:06:48]} Qc7 {[%emt 0:02:43]} 14. h4 {[%emt 0:06:31]} Rc8 {[%emt 0:05:21]} 15. Ne2 {[%emt 0:04:22]} Bb7 {[%emt 0:05:23]} 16. Nd4 {[%emt 0:02:42]} e5 {[%emt 0:17:40]} 17. Nf5 {[%emt 0:02:11]} d5 {[%emt 0:00:08]} 18. exd5 {[%emt 0:02:03]} Nxd5 {[%emt 0:00:17]} 19. Bd3 {[%emt 0:01:49]} g6 {[%emt 0:01:16]} 20. Ng3 {[%emt 0:01:26]} h5 {[%emt 0:19:17]} 21. Bg5 {[%emt 0:50:56]} Bg7 {[%emt 0:12:52]} 22. Be4 {[%emt 0:00:00]} O-O {[%emt 0:02:46]} 23. Bxd5 {[%emt 0:00:00]} Bxd5 {[%emt 0:00:03]} 24. Qxd5 {[%emt 0:00:00]} Qxc2+ {[%emt 0:00:43]} 25. Ka1 {[%emt 0:00:00]} e4 {[%emt 0:06:10]} 26. Qb3 {[%emt 0:00:00]} exf3 {[%emt 0:04:41]} 27. gxf3 {[%emt 0:00:00]} Qxb3 {[%emt 0:01:07]} 28. axb3 {[%emt 0:00:00]} Rc2 {[%emt 0:00:03]} 29. Bc1 {[%emt 0:00:00]} f5 {[%emt 0:03:03]} 30. Rhg1 {[%emt 0:00:00]} Rf2 {[%emt 0:05:29]} 31. Rd6 {[%emt 0:00:00]} Rf6 {[%emt 0:00:47]} 32. Rxf6 {[%emt 0:00:00]} Bxf6 {[%emt 0:00:04]} 33. Nxh5 {[%emt 0:00:00]} Bxh4 {[%emt 0:00:02]} 34. Nf4 {[%emt 0:00:00]} g5 {[%emt 0:02:26]} 35. Ng6 {[%emt 0:00:00]} Kh7 {[%emt 0:02:48]} 36. Nxh4 {[%emt 0:00:00]} gxh4 {[%emt 0:00:05]} 37. Rh1 {[%emt 0:00:00]} Rxf3 {[%emt 0:00:04]} 38. Rxh4+ {[%emt 0:00:00]} Kg7 {[%emt 0:00:14]} 39. Rf4 {[%emt 0:00:00]} Rxb3 {[%emt 0:00:41]} 40. Rxf5 {[%emt 0:00:00]} Rd3 {[%emt 0:05:55]} 41. Bf4 {[%emt 0:25:18]} Kg6 {[%emt 0:32:06]} 42. Rc5 {[%emt 0:01:08]} Kf7 {[%emt 0:00:53]} 43. Rc6 {[%emt 0:02:17]} Rd4 {[%emt 0:00:00]} 44. Be5 {[%emt 0:00:00]} Ra4+ {[%emt 0:00:00]} 45. Kb1 {[%emt 0:00:00]} Ke8 {[%emt 0:00:00]} 46. b3 {[%emt 0:00:00]} Re4 {[%emt 0:00:00]} 47. Bc3 {[%emt 0:00:00]} b4 {[%emt 0:00:00]} 48. Bb2 {[%emt 0:00:00]} a5 {[%emt 0:00:00]} 49. Ra6 {[%emt 0:00:00]} Re1+ {[%emt 0:00:00]} 50. Ka2 {[%emt 0:00:00]} Kd7 {[%emt 0:00:00]} 51. Rxa5 {[%emt 0:00:00]} Kc6 {[%emt 0:00:00]} 52. Re5 {[%emt 0:00:00]} Rh1 {[%emt 0:00:00]} 53. Bd4 {[%emt 0:00:00]} Rh4 {[%emt 0:00:00]} 54. Bf2 {[%emt 0:00:00]} Rh2 {[%emt 0:00:00]} 55. Rc5+ {[%emt 0:00:00]} Kb6 {[%emt 0:00:00]} 56. Rc2+ {[%emt 0:00:00]} Kb5 {[%emt 0:00:00]} 57. Kb2 {[%emt 0:00:00]} Rh5 {[%emt 0:00:00]} 58. Rc4 {[%emt 0:00:00]} Rh2 {[%emt 0:00:00]} 59. Rf4 {[%emt 0:00:00]} Ka5 {[%emt 0:00:00]} 60. Kc2 {[%emt 0:00:00]} Kb5 {[%emt 0:00:00]} 61. Kd3 {[%emt 0:00:00]} Rh3+ {[%emt 0:00:00]} 62. Be3 {[%emt 0:00:00]} Ka5 {[%emt 0:00:00]} 63. Rf5+ {[%emt 0:00:00]} Ka6 {[%emt 0:00:00]} 64. Re5 {[%emt 0:00:00]} Rh8 {[%emt 0:00:00]} 65. Kc4 {[%emt 0:00:00]} Rh4+ {[%emt 0:00:00]} 66. Bd4 {[%emt 0:00:00]} Rg4 {[%emt 0:00:00]} 67. Re7 {[%emt 0:00:00]} 1-0

[Event "Netanya Open 2019"]
[Site "Netanya"]
[Date "2019.06.25"]
[Round "3.5"]
[White "Efimenko, Zahar"]
[Black "Abergel, Thal"]
[Result "1-0"]
[WhiteElo "2632"]
[BlackElo "2450"]
[Annotator "RC"]
[PlyCount "67"]
[EventDate "2019.06.23"]
[EventType "swiss"]
[EventCountry "ISR"]
[SourceTitle "playchess.com"]
[Source "ChessBase"]
[SourceQuality "1"]
[TimeControl "40/5400+30:1800+30"]

1. Nf3 {[%emt 0:00:11]} d5 {[%emt 0:00:05]} 2. b3 {[%emt 0:00:28]} Nf6 {[%emt 0:02:29]} 3. Bb2 {[%emt 0:00:37]} e6 {[%emt 0:01:50]} 4. e3 {[%emt 0:00:46]} Nbd7 {[%emt 0:01:10]} 5. c4 {[%emt 0:03:59]} c6 {[%emt 0:01:54]} 6. Nc3 {[%emt 0:02:29]} a6 {[%emt 0:01:54]} 7. d4 {[%emt 0:07:36]} Bd6 {[%emt 0:08:04]} 8. Be2 {[%emt 0:02:40]} Qe7 {[%emt 0:11:01]} 9. O-O {[%emt 0:10:58]} O-O {[%emt 0:04:44]} 10. Qc2 {[%emt 0:03:52]} Ba3 {[%emt 0:09:04]} 11. Bxa3 {[%emt 0:02:52]} Qxa3 {[%emt 0:00:05]} 12. Rad1 {[%emt 0:02:48]} Qe7 {[%emt 0:04:34]} 13. e4 {[%emt 0:08:08]} dxe4 {[%emt 0:01:50]} 14. Nxe4 {[%emt 0:00:44]} c5 {[%emt 0:09:28]} 15. Rfe1 {[%emt 0:02:40]} Nxe4 {[%emt 0:05:11]} 16. Qxe4 {[%emt 0:01:29]} Nf6 {[%emt 0:00:13]} 17. Qe5 {[%emt 0:01:45]} b6 {[%emt 0:07:43]} 18. d5 {[%emt 0:05:21]} Qa7 {[%emt 0:01:11]} 19. Qf4 {[%emt 0:09:44]} exd5 {[%emt 0:01:48]} 20. cxd5 {[%emt 0:00:18]} Bb7 {[%emt 0:02:17]} 21. d6 {[%emt 0:02:11]} Rad8 {[%emt 0:01:07]} 22. Nh4 {[%emt 0:09:05]} Be4 {[%emt 0:04:53]} 23. Bf3 {[%emt 0:04:12]} Bxf3 {[%emt 0:02:17]} 24. Qxf3 {[%emt 0:00:17]} Qa8 {[%emt 0:02:18]} 25. Qf4 {[%emt 0:03:04]} Nd5 {[%emt 0:03:15]} 26. Qg3 {[%emt 0:00:09]} Kh8 {[%emt 0:06:16]} 27. Nf5 {[%emt 0:01:10]} Rg8 {[%emt 0:00:15]} 28. h4 {[%emt 0:03:02]} Nf6 {[%emt 0:00:49]} 29. Re7 {[%emt 0:01:11]} Qc8 {[%emt 0:00:54]} 30. d7 {[%emt 0:01:39]} Qc6 {[%emt 0:01:47]} 31. Rd6 {[%emt 0:03:25]} Qc7 {[%emt 0:01:10]} 32. Qd3 {[%emt 0:01:14]} b5 {[%emt 0:00:43]} 33. Nh6 {[%emt 0:03:08]} gxh6 {[%emt 0:00:45]} 34. Rxf6 {[%emt 0:00:03]} 1-0